Central Library OPAC University of Rajshahi

Agricultural statistics by plot to plot enumeration in Bengal, 1944-45 / (Record no. 30524)

MARC details
000 -LEADER
fixed length control field 00975nam a2200277 a 4500
001 - CONTROL NUMBER
control field 30524
003 - CONTROL NUMBER IDENTIFIER
rucl marc code BD-RjUL
005 - DATE AND TIME OF LATEST TRANSACTION
control field 20211209051557.0
008 - FIXED-LENGTH DATA ELEMENTS--GENERAL INFORMATION
fixed length control field 181209m1946uuuuii s eng
035 ## - SYSTEM CONTROL NUMBER
System control number (BD-RjUL)30610
040 ## - CATALOGING SOURCE
Original cataloging agency DLC
Transcribing agency WU
Modifying agency WU
-- DLC
-- BD-RjUL
Language of cataloging eng
041 ## - LANGUAGE CODE
Language code of text/sound track or separate title eng
042 ## - AUTHENTICATION CODE
Authentication code premarc
043 ## - GEOGRAPHIC AREA CODE
Geographic area code a-ii---
082 ## - DEWEY DECIMAL CLASSIFICATION NUMBER
Edition number 23
Classification number 630.95414
Author mark and year BEA Pt.-1 1946
110 1# - MAIN ENTRY--CORPORATE NAME
Corporate name or jurisdiction name as entry element Bengal (India).
Subordinate unit Department of Agriculture, Forests and Fisheries.
9 (RLIN) 225739
245 10 - TITLE STATEMENT
Title Agricultural statistics by plot to plot enumeration in Bengal, 1944-45 /
Statement of responsibility, etc. Bengal (India). Department of Agriculture, Forests and Fisheries ; H. S. M. Ishaque [Compiler]
260 ## - PUBLICATION, DISTRIBUTION, ETC. (IMPRINT)
Place of publication, distribution, etc. Alipore:
Name of publisher, distributor, etc. Govt. Print., West Bengal Govt. Press,
Date of publication, distribution, etc. [1946]
300 ## - PHYSICAL DESCRIPTION
Pagination Pt. :
Illustrations Ill. ;
Size 33 cm.
500 ## - GENERAL NOTE
General note Cover title.
General note "Photocopy"
505 1# - FORMATTED CONTENTS NOTE
Formatted contents note Patr 1 --
650 #0 - SUBJECT ADDED ENTRY--TOPICAL TERM
Topical term or geographic name as entry element Agriculture
Geographic subdivision Bengal
Form subdivision Statistics.
9 (RLIN) 225740
700 ## - ADDED ENTRY--PERSONAL NAME
Personal name Ishaque, H. S. M. , [Compiler]
942 ## - ADDED ENTRY ELEMENTS (KOHA)
Source of classification or shelving scheme Dewey Decimal Classification
Koha item type Rare Books
Holdings
Lost status Source of classification or shelving scheme Damaged status Not for loan Collection code Permanent Location Current Location Shelving location Date acquired Source of acquisition Total Checkouts Full call number Date last seen Copy number Koha item type
  Dewey Decimal Classification   Not For Loan Rare Books Central Library, University of Rajshahi Central Library, University of Rajshahi Rare Book Section 09/12/2018 Photocoty, RUCL   RA 630.95414 BEA Pt.-1 1946 09/12/2018 C-1 Rare Books
  Dewey Decimal Classification   Not For Loan Rare Books Central Library, University of Rajshahi Central Library, University of Rajshahi Rare Book Section 09/12/2018 Photocoty, RUCL   RA 630.95414 BEA Pt.-1 1946 09/12/2018 C-2 Rare Books